00297nam a2200121Ia 45000030006000000080041000060400015000471000022000622450053000842600009001375460012001460050017001580STCL150530s9999 xx 000 0 und d aSTCLcSTCL aNeuvecelle, J; Ed aVatican its organization customs and way of life c1955 aEnglish20220125165411.0